| 000 | 00349nam a2200133Ia 4500 | ||
|---|---|---|---|
| 008 | 230312s9999||||xx |||||||||||||| ||und|| | ||
| 082 |
_a332.17 _bBAN |
||
| 245 | 0 | _aBanking Law and Practice | |
| 260 |
_bInstitute of Bankers Pakistan _aKarachi _c2002 |
||
| 300 | _a166 | ||
| 546 | _aEng. | ||
| 650 |
_aEconomics _vGeneral Banking Operation |
||
| 942 | _cBK | ||
| 999 |
_c4892 _d4892 |
||